Statistiche per Comuni del Piemonte (con mappa)

Clicka qui per fare il quiz!

Statistiche generali

  • Questo quiz è stato fatto 2.137 volte
  • Il punteggio medio è 89 su 1181

Risposte nella Mappa

Le risposte nella mappa del quiz sottostante sono codificate secondo una scala di colori dal rosso al verde in base alla % di persone che hanno risposto correttamente.
 

Statistiche sulle risposte

Comune% Corretto
Torino
92%
Cuneo
88%
Alessandria
87%
Asti
86%
Novara
83%
Vercelli
83%
Bee
82%
Biella
79%
Verbania
75%
Alba
62%
Bra
59%
Ivrea
58%
Domodossola
55%
Moncalieri
55%
Novi Ligure
54%
Settimo Torinese
54%
Bardonecchia
52%
Pinerolo
51%
Casale Monferrato
47%
Susa
46%
Chieri
42%
Chivasso
42%
Mondovì
41%
Rivoli
41%
Venaria Reale
39%
Sestriere
38%
Tortona
37%
Arona
36%
Carmagnola
36%
Grugliasco
36%
Saluzzo
35%
Fossano
33%
Nichelino
33%
Cirié
32%
Orbassano
32%
Collegno
31%
Limone Piemonte
31%
Oulx
31%
Barolo
30%
Ceres
30%
Santhià
30%
Stresa
30%
Acqui Terme
29%
Cavour
29%
Ovada
28%
Re
28%
Borgomanero
27%
Savigliano
27%
Avigliana
26%
Montà
26%
Leini
25%
Serravalle Scrivia
25%
Villar Perosa
25%
Caselle Torinese
24%
Pino Torinese
24%
Vinovo
24%
Racconigi
23%
Arquata Scrivia
22%
Borgosesia
22%
Ceva
22%
Cherasco
22%
Nizza Monferrato
22%
Rivarolo Canavese
22%
Trino
22%
Villanova d'Asti
22%
Canelli
21%
Giaveno
21%
San Mauro Torinese
21%
Beinasco
20%
Borgo San Dalmazzo
20%
Gravellona Toce
20%
Moncenisio
20%
Omegna
20%
Orta San Giulio
20%
Pragelato
20%
Torre Pellice
20%
Ceresole Reale
19%
None
19%
Sauze d'Oulx
19%
Valenza
19%
Alpignano
18%
Borgaro Torinese
18%
Cuorgnè
18%
Fenestrelle
18%
Ormea
18%
Pecetto Torinese
18%
Piossasco
18%
Santena
18%
Viverone
18%
Agliè
17%
Airasca
17%
Carrù
17%
Cavallermaggiore
17%
La Morra
17%
Perosa Argentina
17%
Poirino
17%
Pont Canavese
17%
Trecate
17%
Cossato
16%
Dogliani
16%
Dronero
16%
Entracque
16%
Piscina
16%
Varallo
16%
Barbaresco
15%
Boves
15%
Candiolo
15%
Ceresole d'Alba
15%
Claviere
15%
Cumiana
15%
La Loggia
15%
Lanzo Torinese
15%
Sale
15%
Santo Stefano Belbo
15%
Trofarello
15%
Vinadio
15%
Alagna Valsesia
14%
Canale
14%
Castelletto Sopra Ticino
14%
Cesana Torinese
14%
Garessio
14%
Luserna San Giovanni
14%
Marene
14%
Villastellone
14%
Volpiano
14%
Argentera
13%
Barge
13%
Brandizzo
13%
Bricherasio
13%
Busca
13%
Bussoleno
13%
Caluso
13%
Cambiano
13%
Carignano
13%
Costigliole d'Asti
13%
Demonte
13%
Frabosa Soprana
13%
Gattinara
13%
Grinzane Cavour
13%
Neive
13%
Pianezza
13%
Prali
13%
Quincinetto
13%
Villadossola
13%
Viù
13%
Volvera
13%
Bagnolo Piemonte
12%
Bobbio Pellice
12%
Castagnole delle Lanze
12%
Castelmagno
12%
Centallo
12%
Cortemilia
12%
Druento
12%
Formazza
12%
Govone
12%
Gozzano
12%
Moretta
12%
Oleggio
12%
Pancalieri
12%
Pralormo
12%
Rivalta di Torino
12%
Rosta
12%
Sampeyre
12%
San Damiano d'Asti
12%
San Maurizio Canavese
12%
Sommariva del Bosco
12%
Vicolungo
12%
Villafranca Piemonte
12%
Ala di Stura
11%
Borgo Vercelli
11%
Briga Alta
11%
Candelo
11%
Castelnuovo Don Bosco
11%
Cercenasco
11%
Chiusa di Pesio
11%
Diano d'Alba
11%
Frabosa Sottana
11%
Gavi
11%
Genola
11%
Isola d'Asti
11%
Macugnaga
11%
Moncalvo
11%
Paesana
11%
Roddi
11%
Romagnano Sesia
11%
San Giorgio Canavese
11%
Vigone
11%
Villar Pellice
11%
Acceglio
10%
Bibiana
10%
Borgo Ticino
10%
Campiglione-Fenile
10%
Caramagna Piemonte
10%
Casteldelfino
10%
Chiomonte
10%
Coazze
10%
Condove
10%
Exilles
10%
Felizzano
10%
Galliate
10%
Gassino Torinese
10%
Mango
10%
Manta
10%
Montezemolo
10%
Peveragno
10%
Pinasca
10%
Pomaretto
10%
Porte
10%
Quattordio
10%
San Secondo di Pinerolo
10%
Santa Maria Maggiore
10%
Scalenghe
10%
Usseaux
10%
Verzuolo
10%
Vicoforte
10%
Villafranca d'Asti
10%
Baldissero Torinese
9%
Baveno
9%
Bene Vagienna
9%
Borgofranco d'Ivrea
9%
Bosconero
9%
Cameri
9%
Cannobio
9%
Castagnito
9%
Castagnole Monferrato
9%
Castellamonte
9%
Cerrina
9%
Cinzano
9%
Cocconato
9%
Costigliole Saluzzo
9%
Crissolo
9%
Crodo
9%
Dormelletto
9%
Frossasco
9%
Greggio
9%
Guarene
9%
Lesa
9%
Lusernetta
9%
Mappano
9%
Momo
9%
Monforte d'Alba
9%
Monteu Roero
9%
Narzole
9%
Niella Tanaro
9%
Piobesi Torinese
9%
Pontechianale
9%
Riva presso Chieri
9%
Robilante
9%
Rocchetta Tanaro
9%
Rossa
9%
Roure
9%
Salbertrand
9%
Settimo Vittone
9%
Strambino
9%
Verduno
9%
Vernante
9%
Villafalletto
9%
Alice Bel Colle
8%
Alluvioni Piovera
8%
Alto
8%
Aramengo
8%
Azeglio
8%
Balocco
8%
Beinette
8%
Bruino
8%
Buriasco
8%
Buttigliera Alta
8%
Cantalupa
8%
Caraglio
8%
Cardè
8%
Carema
8%
Caselette
8%
Castellazzo Bormida
8%
Castelnuovo Scrivia
8%
Cavallerleone
8%
Clavesana
8%
Elva
8%
Envie
8%
Feletto
8%
Garbagna
8%
Ghemme
8%
Grana
8%
Isolabella
8%
Livorno Ferraris
8%
Marmora
8%
Mathi
8%
Mombaruzzo
8%
Mombercelli
8%
Montanaro
8%
Nole
8%
Novalesa
8%
Novello
8%
Osasco
8%
Piobesi d'Alba
8%
Piovà Massaia
8%
Piverone
8%
Pocapaglia
8%
Pombia
8%
Pramollo
8%
Priocca
8%
Revello
8%
Robassomero
8%
Roccaverano
8%
Roddino
8%
Rondissone
8%
Salmour
8%
Saluggia
8%
San Benigno Canavese
8%
Sanfrè
8%
Sanfront
8%
San Germano Chisone
8%
Sant'Albano Stura
8%
Sant'Ambrogio di Torino
8%
Santa Vittoria d'Alba
8%
Sommariva Perno
8%
Stroppiana
8%
Valdieri
8%
Varallo Pombia
8%
Vezza d'Alba
8%
Villanova Mondovì
8%
Albugnano
7%
Almese
7%
Baldichieri d'Asti
7%
Bellinzago Novarese
7%
Bistagno
7%
Bosco Marengo
7%
Bossolasco
7%
Bruzolo
7%
Calamandrana
7%
Cantalupo Ligure
7%
Cantarana
7%
Caresana
7%
Castiglione Torinese
7%
Cisterna d'Asti
7%
Cossano Belbo
7%
Crescentino
7%
Fara Novarese
7%
Frassinetto
7%
Front
7%
Grazzano Badoglio
7%
Macra
7%
Magliano Alfieri
7%
Magliano Alpi
7%
Mazzè
7%
Meana di Susa
7%
Meina
7%
Melle
7%
Montiglio Monferrato
7%
Noasca
7%
Ornavasso
7%
Osasio
7%
Pavone Canavese
7%
Perrero
7%
Polonghera
7%
Portacomaro
7%
Pozzolo Formigaro
7%
Roccavione
7%
Roletto
7%
Rorà
7%
San Gillio
7%
Sant'Antonino di Susa
7%
Sauze di Cesana
7%
Scopello
7%
Sezzadio
7%
Trana
7%
Usseglio
7%
Varzo
7%
Venasca
7%
Agliano Terme
6%
Alpette
6%
Andezeno
6%
Angrogna
6%
Armeno
6%
Baldissero Canavese
6%
Baldissero d'Alba
6%
Balme
6%
Bassignana
6%
Belgirate
6%
Belvedere Langhe
6%
Bergamasco
6%
Biandrate
6%
Borgone Susa
6%
Bubbio
6%
Buttigliera d'Asti
6%
Cafasse
6%
Calliano
6%
Calosso
6%
Caltignaga
6%
Candia Canavese
6%
Caprauna
6%
Caresanablot
6%
Carrega Ligure
6%
Casalborgone
6%
Casalgrasso
6%
Casorzo
6%
Castagnole Piemonte
6%
Castell'Alfero
6%
Castelletto Stura
6%
Castiglione Falletto
6%
Castino
6%
Cavaglià
6%
Celle di Macra
6%
Cervasca
6%
Cervere
6%
Chianocco
6%
Chiaverano
6%
Cigliano
6%
Coazzolo
6%
Crevoladossola
6%
Dusino San Michele
6%
Favria
6%
Fiano
6%
Foglizzo
6%
Forno Canavese
6%
Givoletto
6%
Incisa Scapaccino
6%
Inverso Pinasca
6%
La Cassa
6%
Lequio Berria
6%
Lequio Tanaro
6%
Locana
6%
Lu e Cuccaro Monferrato
6%
Maretto
6%
Martiniana Po
6%
Mercenasco
6%
Mergozzo
6%
Moasca
6%
Mombaldone
6%
Monastero Bormida
6%
Moncucco Torinese
6%
Montaldo Roero
6%
Montalto Dora
6%
Montechiaro d'Asti
6%
Montegrosso d'Asti
6%
Montelupo Albese
6%
Monticello d'Alba
6%
Moransengo
6%
Murazzano
6%
Murello
6%
Murisengo
6%
Neviglie
6%
Niella Belbo
6%
Oviglio
6%
Pella
6%
Pietraporzio
6%
Pontecurone
6%
Ponzone
6%
Prarostino
6%
Prato Sesia
6%
Quargnento
6%
Reano
6%
Refrancore
6%
Revigliasco d'Asti
6%
Robella
6%
Roburent
6%
Roccaforte Mondovì
6%
Rodello
6%
Romentino
6%
Salza di Pinerolo
6%
San Carlo Canavese
6%
Sangano
6%
San Pietro Val Lemina
6%
Santo Stefano Roero
6%
Scarnafigi
6%
Scopa
6%
Serravalle Sesia
6%
Strevi
6%
Suno
6%
Tarantasca
6%
Tigliole
6%
Tonco
6%
Tonengo
6%
Torrazza Piemonte
6%
Treiso
6%
Valfenera
6%
Valgrana
6%
Valperga
6%
Verolengo
6%
Viarigi
6%
Vignole Borbera
6%
Vignolo
6%
Villarbasse
6%
Villarboit
6%
Villar Focchiardo
6%
Vinchio
6%
Viola
6%
Visone
6%
Voltaggio
6%
Aisone
5%
Albaretto della Torre
5%
Albiano d'Ivrea
5%
Alice Castello
5%
Ameno
5%
Andrate
5%
Antignano
5%
Arborio
5%
Bagnasco
5%
Balangero
5%
Banchette
5%
Basaluzzo
5%
Bellino
5%
Berzano di San Pietro
5%
Borgoratto Alessandrino
5%
Bosio
5%
Brossasco
5%
Brozolo
5%
Burolo
5%
Cantoira
5%
Carisio
5%
Carpignano Sesia
5%
Casalino
5%
Cassano Spinola
5%
Cassine
5%
Castello di Annone
5%
Castiglione Tinella
5%
Cella Monte
5%
Cellarengo
5%
Celle Enomondo
5%
Cerano
5%
Cerro Tanaro
5%
Chiusa di San Michele
5%
Coggiola
5%
Corio
5%
Corneliano d'Alba
5%
Cortandone
5%
Cortanze
5%
Cortazzone
5%
Cortiglione
5%
Cremolino
5%
Cunico
5%
Druogno
5%
Ferrere
5%
Fontaneto d'Agogna
5%
Frinco
5%
Frugarolo
5%
Garzigliana
5%
Gravere
5%
Groscavallo
5%
Invorio
5%
Isasca
5%
Lombardore
5%
Macello
5%
Malvicino
5%
Margarita
5%
Marsaglia
5%
Molare
5%
Monale
5%
Monastero di Vasco
5%
Mongardino
5%
Montafia
5%
Montemagno
5%
Monterosso Grana
5%
Monteu da Po
5%
Oncino
5%
Ostana
5%
Passerano Marmorito
5%
Pettenasco
5%
Piasco
5%
Piea
5%
Pino d'Asti
5%
Piozzo
5%
Ponti
5%
Prasco
5%
Pray
5%
Predosa
5%
Priero
5%
Quassolo
5%
Rivarossa
5%
Rossana
5%
Sale San Giovanni
5%
Saliceto
5%
Sambuco
5%
Samone
5%
San Damiano Macra
5%
San Francesco al Campo
5%
San Martino Alfieri
5%
San Maurizio d'Opaglio
5%
San Michele Mondovì
5%
San Pietro Mosezzo
5%
San Raffaele Cimena
5%
Serralunga d'Alba
5%
Settimo Rottaro
5%
Solero
5%
Spigno Monferrato
5%
Strambinello
5%
Trinità
5%
Val della Torre
5%
Vespolate
5%
Viale
5%
Vigliano Biellese
5%
Vignale Monferrato
5%
Villanova Solaro
5%
Vinzaglio
5%
Virle Piemonte
5%
Volpedo
5%
Agrate Conturbia
4%
Alfiano Natta
4%
Altavilla Monferrato
4%
Alzano Scrivia
4%
Andorno Micca
4%
Antrona Schieranco
4%
Arignano
4%
Asigliano Vercellese
4%
Azzano d'Asti
4%
Baceno
4%
Balzola
4%
Barbania
4%
Barengo
4%
Bastia Mondovì
4%
Belforte Monferrato
4%
Belveglio
4%
Benevello
4%
Benna
4%
Bernezzo
4%
Bianzè
4%
Boca
4%
Bollengo
4%
Bonvicino
4%
Borghetto di Borbera
4%
Borgo d'Ale
4%
Borgomale
4%
Borgomasino
4%
Briona
4%
Brondello
4%
Bruno
4%
Brusasco
4%
Busano
4%
Cabella Ligure
4%
Camerano Casasco
4%
Camino
4%
Campertogno
4%
Cannero Riviera
4%
Caprie
4%
Capriglio
4%
Carentino
4%
Carpeneto
4%
Cartosio
4%
Casal Cermelli
4%
Cascinette d'Ivrea
4%
Castel Boglione
4%
Castellania Coppi
4%
Castelletto d'Orba
4%
Castelletto Molina
4%
Castelletto Monferrato
4%
Castelletto Uzzone
4%
Castellinaldo d'Alba
4%
Castelnuovo Belbo
4%
Castelnuovo Bormida
4%
Castelnuovo Calcea
4%
Castel Rocchero
4%
Cavagnolo
4%
Cerreto d'Asti
4%
Cerretto Langhe
4%
Cessole
4%
Chialamberto
4%
Chiesanuova
4%
Chiusano d'Asti
4%
Cigliè
4%
Cinaglio
4%
Coassolo Torinese
4%
Colleretto Giacosa
4%
Comignago
4%
Corsione
4%
Cossombrato
4%
Cressa
4%
Crevacuore
4%
Cureggio
4%
Denice
4%
Desana
4%
Divignano
4%
Farigliano
4%
Faule
4%
Fontanile
4%
Frassinello Monferrato
4%
Frassino
4%
Gabiano
4%
Gaglianico
4%
Gambasca
4%
Gargallo
4%
Gattico-Veruno
4%
Germagnano
4%
Ghiffa
4%
Ghislarengo
4%
Grignasco
4%
Grosso
4%
Ingria
4%
Isola Sant'Antonio
4%
Lagnasco
4%
Lenta
4%
Lesegno
4%
Lessolo
4%
Lessona
4%
Loazzolo
4%
Lombriasco
4%
Loranzè
4%
Maggiora
4%
Maglione
4%
Malesco
4%
Marano Ticino
4%
Maranzana
4%
Masera
4%
Massello
4%
Mattie
4%
Mezzomerico
4%
Miasino
4%
Moiola
4%
Molino dei Torti
4%
Mombarcaro
4%
Mombasiglio
4%
Mompantero
4%
Monasterolo di Savigliano
4%
Monchiero
4%
Moncrivello
4%
Monesiglio
4%
Mongrando
4%
Montabone
4%
Montaldo Scarampi
4%
Montaldo Torinese
4%
Morano sul Po
4%
Morozzo
4%
Nebbiuno
4%
Nucetto
4%
Occhieppo Inferiore
4%
Odalengo Grande
4%
Odalengo Piccolo
4%
Oleggio Castello
4%
Olmo Gentile
4%
Ozzano Monferrato
4%
Pagno
4%
Pamparato
4%
Paruzzaro
4%
Pecetto di Valenza
4%
Penango
4%
Pezzana
4%
Pianfei
4%
Piedicavallo
4%
Piedimulera
4%
Pietra Marazzi
4%
Pieve Vergonte
4%
Pollone
4%
Pontestura
4%
Pradleves
4%
Pralungo
4%
Prazzo
4%
Premia
4%
Priola
4%
Quaranti
4%
Quarona
4%
Ribordone
4%
Rifreddo
4%
Rivalba
4%
Rivalta Bormida
4%
Rivara
4%
Roaschia
4%
Rocca Canavese
4%
Rocca Grimalda
4%
Rocchetta Belbo
4%
Rocchetta Palafea
4%
Romano Canavese
4%
Ronco Canavese
4%
Rovasenda
4%
Rubiana
4%
Ruffia
4%
Sagliano Micca
4%
Sale delle Langhe
4%
Salussola
4%
San Giusto Canavese
4%
San Martino Canavese
4%
San Marzano Oliveto
4%
San Paolo Solbrito
4%
San Salvatore Monferrato
4%
San Sebastiano da Po
4%
Scarmagno
4%
Sciolze
4%
Scurzolengo
4%
Serole
4%
Serralunga di Crea
4%
Serravalle Langhe
4%
Sessame
4%
Settime
4%
Silvano d'Orba
4%
Sinio
4%
Sizzano
4%
Soglio
4%
Soriso
4%
Sparone
4%
Stroppo
4%
Tavagnasco
4%
Terzo
4%
Tornaco
4%
Torre Canavese
4%
Torre San Giorgio
4%
Traversella
4%
Tronzano Vercellese
4%
Vaglio Serra
4%
Valchiusa
4%
Val di Chy
4%
Valdilana
4%
Valgioie
4%
Vaprio d'Agogna
4%
Venaus
4%
Verrua Savoia
4%
Vesime
4%
Viguzzolo
4%
Villanova Monferrato
4%
Villar Dora
4%
Villa San Secondo
4%
Vische
4%
Albano Vercellese
3%
Albera Ligure
3%
Avolasca
3%
Bairo
3%
Balmuccia
3%
Barone Canavese
3%
Bergolo
3%
Bognanco
3%
Bogogno
3%
Bolzano Novarese
3%
Borgolavezzaro
3%
Borgo San Martino
3%
Bozzole
3%
Briga Novarese
3%
Brosso
3%
Brusnengo
3%
Buronzo
3%
Camagna Monferrato
3%
Camerana
3%
Canosio
3%
Capriata d'Orba
3%
Carbonara Scrivia
3%
Carcoforo
3%
Carrosio
3%
Cartignano
3%
Casalbeltrame
3%
Casalvolone
3%
Cassinasco
3%
Cassinelle
3%
Castagneto Po
3%
Castellazzo Novarese
3%
Castellero
3%
Castelletto Cervo
3%
Castelnuovo di Ceva
3%
Castelnuovo Nigra
3%
Castelspina
3%
Cavaglietto
3%
Cavaglio d'Agogna
3%
Cavallirio
3%
Cavatore
3%
Cereseto
3%
Cerrione
3%
Cervatto
3%
Cissone
3%
Colazza
3%
Coniolo
3%
Conzano
3%
Cossano Canavese
3%
Cravanzana
3%
Craveggia
3%
Cuceglio
3%
Donato
3%
Fabbrica Curone
3%
Feisoglio
3%
Fiorano Canavese
3%
Fontanetto Po
3%
Formigliana
3%
Francavilla Bisio
3%
Frascaro
3%
Frassineto Po
3%
Fresonara
3%
Fubine Monferrato
3%
Gaiola
3%
Gamalero
3%
Giaglione
3%
Giarole
3%
Gignese
3%
Gorzegno
3%
Gottasecca
3%
Graglia
3%
Granozzo con Monticello
3%
Landiona
3%
Lauriano
3%
Lemie
3%
Lerma
3%
Levice
3%
Levone
3%
Lusigliè
3%
Magnano
3%
Mandello Vitta
3%
Marentino
3%
Masio
3%
Massazza
3%
Masserano
3%
Massino Visconti
3%
Melazzo
3%
Merana
3%
Mezzenile
3%
Mirabello Monferrato
3%
Mombello di Torino
3%
Monastero di Lanzo
3%
Monasterolo Casotto
3%
Moncestino
3%
Montaldo Bormida
3%
Montaldo di Mondovì
3%
Montalenghe
3%
Montanera
3%
Montecastello
3%
Montechiaro d'Acqui
3%
Montemale di Cuneo
3%
Morbello
3%
Moriondo Torinese
3%
Mornese
3%
Netro
3%
Nibbiola
3%
Nomaglio
3%
Occhieppo Superiore
3%
Occimiano
3%
Oglianico
3%
Olcenengo
3%
Olivola
3%
Orio Canavese
3%
Ottiglio
3%
Ozegna
3%
Palazzo Canavese
3%
Palazzolo Vercellese
3%
Pallanzeno
3%
Pasturana
3%
Pavarolo
3%
Perletto
3%
Perosa Canavese
3%
Pessinetto
3%
Pettinengo
3%
Pezzolo Valle Uzzone
3%
Pila
3%
Piode
3%
Pisano
3%
Pogno
3%
Ponzano Monferrato
3%
Prarolo
3%
Prascorsano
3%
Premosello-Chiovenda
3%
Prunetto
3%
Quagliuzzo
3%
Rassa
3%
Recetto
3%
Ricaldone
3%
Rive
3%
Roasio
3%
Roatto
3%
Roccabruna
3%
Rocca Cigliè
3%
Rocca d'Arazzo
3%
Rocca de' Baldi
3%
Roccasparvera
3%
Roppolo
3%
Rosazza
3%
Rosignano Monferrato
3%
Rueglio
3%
Sala Monferrato
3%
Salassa
3%
Salerano Canavese
3%
San Benedetto Belbo
3%
San Didero
3%
Sandigliano
3%
San Germano Vercellese
3%
San Giorgio Monferrato
3%
San Giorgio Scarampi
3%
San Giorio di Susa
3%
San Nazzaro Sesia
3%
San Sebastiano Curone
3%
Sillavengo
3%
Somano
3%
Sordevolo
3%
Sostegno
3%
Sozzago
3%
Spineto Scrivia
3%
Stazzano
3%
Strona
3%
Terdobbiate
3%
Terruggia
3%
Ticineto
3%
Tollegno
3%
Torre Bormida
3%
Torre Mondovì
3%
Trasquera
3%
Traves
3%
Treville
3%
Trezzo Tinella
3%
Tricerro
3%
Trisobbio
3%
Vaie
3%
Valduggia
3%
Valmacca
3%
Vauda Canavese
3%
Verrone
3%
Vestignè
3%
Vialfrè
3%
Vidracco
3%
Vigliano d'Asti
3%
Villadeati
3%
Villalvernia
3%
Villamiroglio
3%
Villanova Canavese
3%
Villareggia
3%
Villar San Costanzo
3%
Vistrorio
3%
Vogogna
3%
Volpeglino
3%
Vottignasco
3%
Zumaglia
3%
Ailoche
2%
Alto Sermenza
2%
Anzola d'Ossola
2%
Arguello
2%
Arizzano
2%
Aurano
2%
Bannio Anzino
2%
Battifollo
2%
Berzano di Tortona
2%
Bioglio
2%
Borgiallo
2%
Borriana
2%
Bosia
2%
Briaglia
2%
Brignano-Frascata
2%
Brovello-Carpugnino
2%
Camburzano
2%
Campiglia Cervo
2%
Canischio
2%
Caprile
2%
Caravino
2%
Carezzano
2%
Casale Corte Cerro
2%
Casaleggio Novara
2%
Casalnoceto
2%
Casasco
2%
Castellar Guidobono
2%
Castelletto d'Erro
2%
Castelletto Merli
2%
Castellino Tanaro
2%
Cellio con Breia
2%
Ceppo Morelli
2%
Cerreto Grue
2%
Cesara
2%
Cintano
2%
Colleretto Castelnuovo
2%
Collobiano
2%
Costa Vescovato
2%
Cravagliana
2%
Crova
2%
Curino
2%
Dernice
2%
Fobello
2%
Fraconalto
2%
Garbagna Novarese
2%
Gremiasco
2%
Grognardo
2%
Grondona
2%
Guardabosone
2%
Guazzora
2%
Igliano
2%
Issiglio
2%
Lamporo
2%
Lignana
2%
Lisio
2%
Lozzolo
2%
Mezzana Mortigliengo
2%
Mollia
2%
Mombello Monferrato
2%
Momperone
2%
Mongiardino Ligure
2%
Monleale
2%
Montacuto
2%
Montaldeo
2%
Montecrestese
2%
Montemarzino
2%
Montescheno
2%
Motta de' Conti
2%
Mottalciata
2%
Muzzano
2%
Nonio
2%
Oggebbio
2%
Paderna
2%
Parella
2%
Pareto
2%
Parodi Ligure
2%
Paroldo
2%
Perlo
2%
Pertengo
2%
Pertusio
2%
Pomaro Monferrato
2%
Portula
2%
Postua
2%
Pratiglione
2%
Quaregna Cerreto
2%
Quarna Sopra
2%
Quarna Sotto
2%
Quinto Vercellese
2%
Rimella
2%
Rittana
2%
Rivarone
2%
Rocchetta Ligure
2%
Ronco Biellese
2%
Ronsecco
2%
Sala Biellese
2%
Salasco
2%
Sali Vercellese
2%
San Colombano Belmonte
2%
San Cristoforo
2%
San Giacomo Vercellese
2%
San Ponso
2%
Sant'Agata Fossili
2%
Sarezzano
2%
Scagnello
2%
Solonghello
2%
Tagliolo Monferrato
2%
Toceno
2%
Torresina
2%
Trontano
2%
Valdengo
2%
Valle Cannobina
2%
Valloriate
2%
Vallo Torinese
2%
Valprato Soana
2%
Valstrona
2%
Varisella
2%
Villa del Bosco
2%
Villanova Biellese
2%
Villaromagnano
2%
Villata
2%
Vocca
2%
Zimone
2%
Arola
1%
Beura-Cardezza
1%
Boccioleto
1%
Borgomezzavalle
1%
Calasca-Castiglione
1%
Callabiana
1%
Camandona
1%
Cambiasca
1%
Caprezzo
1%
Casaleggio Boiro
1%
Casanova Elvo
1%
Casapinta
1%
Ciconio
1%
Civiasco
1%
Cossogno
1%
Costanzana
1%
Dorzano
1%
Germagno
1%
Gifflenga
1%
Gurro
1%
Intragna
1%
Loreglia
1%
Madonna del Sasso
1%
Massiola
1%
Miagliano
1%
Miazzina
1%
Montegioco
1%
Morsasco
1%
Oldenico
1%
Orsara Bormida
1%
Piatto
1%
Ponderano
1%
Pozzol Groppo
1%
Premeno
1%
Roascio
1%
Roccaforte Ligure
1%
San Bernardino Verbano
1%
Sardigliano
1%
Tassarolo
1%
Tavigliano
1%
Ternengo
1%
Torrazzo
1%
Trarego Viggiona
1%
Vallanzengo
1%
Valle San Nicolao
1%
Vanzone con San Carlo
1%
Veglio
1%
Vignone
1%
Villette
1%
Zubiena
1%

Distribuzione punteggi

Percentile per numero di risposta

Percentuale di utenti per punteggio

I tuoi punteggi nel tempo

Non hai fatto questo quiz